| 000 | 01189cam a2200349 a 4500 | ||
|---|---|---|---|
| 001 | 16739325 | ||
| 003 | NUST-PNEC | ||
| 005 | 20170114142548.0 | ||
| 008 | 110418s2012 nyua b 001 0 eng | ||
| 010 | _a 2011009912 | ||
| 015 |
_aGBB174671 _2bnb |
||
| 016 | 7 |
_a015829915 _2Uk |
|
| 020 | _a9781259098635 | ||
| 020 | _a125909863X | ||
| 035 | _a(OCoLC)ocn713567280 | ||
| 040 | _cPNEC | ||
| 042 | _apcc | ||
| 050 | 0 | 0 |
_aTK454 _b.H4 2012 |
| 082 | 0 | 0 |
_a621.3192 HAY _222 |
| 100 | 1 |
_aHayt, William Hart, _d1920- |
|
| 245 | 1 | 0 |
_aEngineering circuit analysis / _cWilliam H. Hayt, |
| 250 | _a8th ed. | ||
| 260 |
_aDelhi : _bMcGraw-Hill, _cc2013. |
||
| 300 |
_axxi, 852 p. : _bill. (some col.) ; _c26 cm. |
||
| 500 | _aIncludes index. | ||
| 504 | _aIncludes bibliographical references. | ||
| 650 | 0 |
_aElectric circuit analysis. _xEE, EL |
|
| 856 | 4 | 1 | _uhttp://www.amazon.com/Engineering-Circuit-Analysis-William-International/dp/125909863X/ref=sr_1_1?s=books&ie=UTF8&qid=1423468526&sr=1-1&keywords=9781259098635 |
| 906 |
_a7 _bcbc _corignew _d1 _eecip _f20 _gy-gencatlg |
||
| 942 |
_2ddc _cBK |
||
| 999 |
_c60260 _d60260 |
||